Ramses - Đền thiêng hàng triệu năm
שמור ב:
| מחבר ראשי: | |
|---|---|
| מחברים אחרים: | |
| פורמט: | ספר |
| שפה: | Vietnamese |
| יצא לאור: |
H.
Văn hóa thông tin
2006
|
| נושאים: | |
| תגים: |
הוספת תג
אין תגיות, היה/י הראשונ/ה לתייג את הרשומה!
|
| Thư viện lưu trữ: | Mạng thư viện Đại học Đà Nẵng |
|---|
| LEADER | 00973nam a2200301 4500 | ||
|---|---|---|---|
| 001 | 000014679 | ||
| 003 | 11049 | ||
| 005 | 20120511090546.0 | ||
| 008 | 120511s2006 viesd | ||
| 020 | |c 53000đ | ||
| 041 | 0 | |a vie | |
| 082 | |a 893.3 |b JA-C | ||
| 100 | 0 | |a Jacq Christian | |
| 245 | 0 | |a Ramses - Đền thiêng hàng triệu năm |c Jacq Christian; Đồng Lâm(Dịch) | |
| 260 | |a H. |b Văn hóa thông tin |c 2006 | ||
| 300 | |a 480 tr. |c 19 cm | ||
| 653 | |a Tiểu thuyết | ||
| 700 | |a Đồng Lâm |e Dịch | ||
| OWN | |a LSP | ||
| AVA | |a UDN50 |b LSP |d 893.3 JA-C |e available |t Error 5001 Not defined in file expand_doc_bib_avail. |f 2 |g 0 |h N |i 0 |k 1 | ||
| 999 | |a From the UDN01 | ||
| AVA | |a UDN50 |b LSP |d 893.3 JA-C |e available |t Error 5001 Not defined in file expand_doc_bib_avail. |f 2 |g 0 |h N |i 0 |k 1 | ||
| TYP | |a Monograph | ||
| TYP | |a Printed language | ||
| 980 | |a Mạng thư viện Đại học Đà Nẵng | ||